000 00810nam a22002297a 4500
005 20080925094931.0
008 080715s2008 caua 001 0 eng d
010 _aENG-91205
020 _a0070669171
020 _a9780070669178
_c230.00
035 _aEN-74738
037 _bDBAD / PUB
040 _adpl
_bEnglish
082 _a621.381
100 _aDatta, Tirthankar
245 _aBasic electronics engineering /
_cby Tirthankar Datta
260 _aNew Delhi
_bTata McGraw-Hill Publishing
_c2009
300 _aVarious pagings
_c25cm (pbk)
650 _aElectronic engineering
942 _2ddc
_cEN
_h621.381
_mDAT
999 _c16353
_d16353